[Event "2nd Irena Warakomska Memorial-A"]
[Site "Suwalki"]
[Date "2018.08.04"]
[Round "5"]
[White "Grinev, Valeriy"]
[Black "Chylewski, Patryk"]
[Result "1-0"]
[WhiteElo "2416"]
[BlackElo "2270"]
[Annotator "NA"]
[PlyCount "91"]
[EventDate "2018.08.01"]
[EventType "swiss"]
[EventCountry "POL"]
[SourceTitle "playchess.com"]
[Source "ChessBase"]
[SourceQuality "1"]
[TimeControl "40/5400+30:1800+30"]

1. d4 {[%emt 0:00:17]} d5 {[%emt 0:00:00]} 2. c4 {[%emt 0:00:08]} e6 {[%emt 0:00:00]} 3. Nc3 {[%emt 0:00:06]} a6 {[%emt 0:00:00]} 4. cxd5 {[%emt 0:00:06]} exd5 {[%emt 0:00:00]} 5. Qb3 {[%emt 0:00:07]} Nc6 {[%emt 0:00:55]} 6. Nf3 {[%emt 0:00:14]} Bf5 {[%emt 0:02:53]} 7. Bf4 {[%emt 0:15:04]} Bd6 {[%emt 0:08:47]} 8. Qxb7 {[%emt 0:27:11]} Nge7 {[%emt 0:00:51]} 9. Bxd6 {[%emt 0:00:10]} cxd6 {[%emt 0:00:06]} 10. e3 {[%emt 0:10:54]} O-O {[%emt 0:05:28]} 11. Rc1 {[%emt 0:00:17]} a5 {[%emt 0:24:05]} 12. Qb3 {[%emt 0:06:43]} Rb8 {[%emt 0:05:08]} 13. Nb5 {[%emt 0:00:09]} Na7 {[%emt 0:06:22]} 14. a4 {[%emt 0:00:13]} Bd7 {[%emt 0:02:05]} 15. Be2 {[%emt 0:03:22]} Qb6 {[%emt 0:03:40]} 16. Nd2 {[%emt 0:00:18]} Nxb5 {[%emt 0:02:00]} 17. Bxb5 {[%emt 0:00:07]} Bxb5 {[%emt 0:00:21]} 18. axb5 {[%emt 0:00:06]} Qxb5 {[%emt 0:00:32]} 19. Qxb5 {[%emt 0:00:06]} Rxb5 {[%emt 0:00:09]} 20. b3 {[%emt 0:00:04]} Rfb8 {[%emt 0:03:40]} 21. Ke2 {[%emt 0:00:26]} Kf8 {[%emt 0:00:38]} 22. Rc7 {[%emt 0:01:02]} R8b7 {[%emt 0:00:37]} 23. Rhc1 {[%emt 0:00:41]} Ke8 {[%emt 0:00:43]} 24. g4 {[%emt 0:02:52]} Kd8 {[%emt 0:03:07]} 25. R7c3 {[%emt 0:00:13]} Kd7 {[%emt 0:01:52]} 26. h4 {[%emt 0:01:15]} R5b6 {[%emt 0:01:20]} 27. Ra1 {[%emt 0:01:21]} Rc6 {[%emt 0:02:02]} 28. Rxc6 {[%emt 0:01:13]} Nxc6 {[%emt 0:00:06]} 29. Ra3 {[%emt 0:00:06]} Ra7 {[%emt 0:03:05]} 30. Nb1 {[%emt 0:00:51]} Nb4 {[%emt 0:03:13]} 31. Kd2 {[%emt 0:00:12]} Kc6 {[%emt 0:01:26]} 32. Nc3 {[%emt 0:00:11]} Kb6 {[%emt 0:00:59]} 33. Ra1 {[%emt 0:00:07]} Re7 {[%emt 0:02:55]} 34. h5 {[%emt 0:01:40]} h6 {[%emt 0:03:13]} 35. Rg1 {[%emt 0:00:22]} f6 {[%emt 0:01:21]} 36. Rc1 {[%emt 0:00:51]} Rf7 {[%emt 0:07:21]} 37. Ne2 {[%emt 0:06:53]} Nc6 {[%emt 0:05:06]} 38. Nf4 {[%emt 0:01:01]} Ne7 {[%emt 0:01:55]} 39. Ke2 {[%emt 0:03:23]} f5 {[%emt 0:00:48]} 40. Rg1 {[%emt 0:00:00]} Kc6 {[%emt 0:00:00]} 41. g5 {[%emt 0:01:13]} hxg5 {[%emt 0:05:46]} 42. Rxg5 {[%emt 0:00:08]} Kb5 {[%emt 0:02:23]} 43. Kd3 {[%emt 0:00:26]} Kb4 {[%emt 0:01:14]} 44. Kc2 {[%emt 0:00:06]} Ka3 {[%emt 0:00:47]} 45. Rg1 {[%emt 0:00:22]} Ka2 {[%emt 0:02:43]} 46. Ne2 {[%emt 0:00:37]} 1-0

[Event "2nd Irena Warakomska Memorial-A"]
[Site "Suwalki"]
[Date "2018.08.04"]
[Round "5"]
[White "Cukrowski, Filip"]
[Black "Bykovskiy, Oleg"]
[Result "1-0"]
[WhiteElo "2404"]
[BlackElo "2263"]
[Annotator "NA"]
[PlyCount "79"]
[EventDate "2018.08.01"]
[EventType "swiss"]
[EventCountry "POL"]
[SourceTitle "playchess.com"]
[Source "ChessBase"]
[SourceQuality "1"]
[TimeControl "40/5400+30:1800+30"]

1. e4 {[%emt 0:00:00]} c5 {[%emt 0:00:00]} 2. Nf3 {[%emt 0:00:00]} Nc6 {[%emt 0:00:00]} 3. Bb5 {[%emt 0:01:56]} g6 {[%emt 0:00:00]} 4. c3 {[%emt 0:01:27]} Bg7 {[%emt 0:00:03]} 5. d4 {[%emt 0:00:27]} cxd4 {[%emt 0:00:14]} 6. cxd4 {[%emt 0:00:18]} Nf6 {[%emt 0:00:31]} 7. Nc3 {[%emt 0:06:51]} d5 {[%emt 0:02:32]} 8. Ne5 {[%emt 0:02:07]} O-O {[%emt 0:02:01]} 9. Nxc6 {[%emt 0:01:55]} bxc6 {[%emt 0:00:06]} 10. Bxc6 {[%emt 0:00:22]} Rb8 {[%emt 0:00:03]} 11. e5 {[%emt 0:00:51]} Ne4 {[%emt 0:00:24]} 12. Nxe4 {[%emt 0:01:43]} dxe4 {[%emt 0:00:04]} 13. O-O {[%emt 0:00:15]} Bb7 {[%emt 0:00:05]} 14. Bxb7 {[%emt 0:00:52]} Rxb7 {[%emt 0:00:06]} 15. Re1 {[%emt 0:09:16]} Qd5 {[%emt 0:00:42]} 16. b3 {[%emt 0:00:25]} Rd8 {[%emt 0:00:20]} 17. Be3 {[%emt 0:01:02]} f6 {[%emt 0:01:21]} 18. Rc1 {[%emt 0:02:07]} fxe5 {[%emt 0:00:48]} 19. dxe5 {[%emt 0:03:45]} Bxe5 {[%emt 0:11:45]} 20. Qg4 {[%emt 0:04:49]} Rbd7 {[%emt 0:03:45]} 21. Rc5 {[%emt 0:01:23]} Qd6 {[%emt 0:06:40]} 22. g3 {[%emt 0:01:31]} Bf6 {[%emt 0:02:53]} 23. Qxe4 {[%emt 0:00:34]} Kg7 {[%emt 0:00:41]} 24. b4 {[%emt 0:11:52]} Qb8 {[%emt 0:03:44]} 25. Kg2 {[%emt 0:03:33]} Rd1 {[%emt 0:04:41]} 26. Rxd1 {[%emt 0:01:43]} Rxd1 {[%emt 0:00:05]} 27. Bf4 {[%emt 0:03:12]} Qb6 28. Rc7 {[%emt 0:04:11]} Rd8 {[%emt 0:13:42]} 29. Rb7 {[%emt 0:01:04]} Qd4 {[%emt 0:01:16]} 30. Rxe7+ {[%emt 0:00:29]} Kh8 {[%emt 0:00:12]} 31. Qxd4 {[%emt 0:02:05]} Bxd4 {[%emt 0:00:18]} 32. Be5+ {[%emt 0:02:18]} Bxe5 {[%emt 0:01:00]} 33. Rxe5 {[%emt 0:00:04]} Rd7 {[%emt 0:00:04]} 34. a4 {[%emt 0:00:49]} Kg7 {[%emt 0:00:32]} 35. b5 {[%emt 0:02:22]} Kf6 {[%emt 0:00:06]} 36. Re4 {[%emt 0:00:06]} Kf5 {[%emt 0:00:14]} 37. Rb4 {[%emt 0:00:20]} Ke5 {[%emt 0:00:08]} 38. a5 {[%emt 0:00:07]} Kd5 {[%emt 0:00:04]} 39. b6 {[%emt 0:00:20]} axb6 {[%emt 0:00:46]} 40. axb6 {[%emt 0:00:00]} 1-0

[Event "2nd Irena Warakomska Memorial-A"]
[Site "Suwalki"]
[Date "2018.08.04"]
[Round "5"]
[White "Rahul Srivatshav P"]
[Black "Godzwon, Iwo"]
[Result "1/2-1/2"]
[WhiteElo "2388"]
[BlackElo "2222"]
[Annotator "NA"]
[PlyCount "41"]
[EventDate "2018.08.01"]
[EventType "swiss"]
[EventCountry "POL"]
[SourceTitle "playchess.com"]
[Source "ChessBase"]
[SourceQuality "1"]
[TimeControl "40/5400+30:1800+30"]

1. Nf3 {[%emt 0:00:00]} c5 {[%emt 0:00:00]} 2. c4 {[%emt 0:00:55]} Nc6 {[%emt 0:00:00]} 3. g3 {[%emt 0:05:53]} g6 {[%emt 0:00:00]} 4. Bg2 {[%emt 0:01:49]} Bg7 {[%emt 0:00:04]} 5. Nc3 {[%emt 0:00:08]} d6 {[%emt 0:00:04]} 6. O-O {[%emt 0:00:43]} e6 {[%emt 0:00:04]} 7. e3 {[%emt 0:09:45]} Nge7 {[%emt 0:00:37]} 8. d4 {[%emt 0:02:43]} O-O {[%emt 0:00:06]} 9. Re1 {[%emt 0:17:07]} Rb8 {[%emt 0:05:13]} 10. b3 {[%emt 0:11:45]} a6 {[%emt 0:07:13]} 11. Bb2 {[%emt 0:01:04]} b5 {[%emt 0:01:33]} 12. dxc5 {[%emt 0:03:15]} dxc5 {[%emt 0:00:05]} 13. cxb5 {[%emt 0:04:04]} axb5 {[%emt 0:00:27]} 14. Qe2 {[%emt 0:01:03]} f5 {[%emt 0:14:23]} 15. a4 {[%emt 0:04:38]} bxa4 {[%emt 0:04:23]} 16. Nxa4 {[%emt 0:00:11]} Bxb2 {[%emt 0:00:04]} 17. Nxb2 {[%emt 0:00:08]} Rxb3 {[%emt 0:00:45]} 18. Qc2 {[%emt 0:03:14]} Rb5 {[%emt 0:05:03]} 19. Bf1 {[%emt 0:04:40]} Ra5 {[%emt 0:02:57]} 20. Rxa5 {[%emt 0:04:19]} Qxa5 {[%emt 0:00:20]} 21. Rc1 {[%emt 0:00:36]} 1/2-1/2

[Event "2nd Irena Warakomska Memorial-A"]
[Site "Suwalki"]
[Date "2018.08.04"]
[Round "5"]
[White "Tihonov, Jurij"]
[Black "Ovsejevitsch, Sergei"]
[Result "1/2-1/2"]
[WhiteElo "2385"]
[BlackElo "2597"]
[Annotator "ChessBase"]
[PlyCount "72"]
[EventDate "2018.08.01"]
[EventType "swiss"]
[EventCountry "POL"]
[SourceTitle "playchess.com"]
[Source "ChessBase"]
[SourceQuality "1"]
[TimeControl "40/5400+30:1800+30"]

1. d4 {[%emt 0:00:00]} Nf6 {[%emt 0:00:00]} 2. Nf3 {[%emt 0:00:10]} e6 {[%emt 0:00:12]} 3. c4 {[%emt 0:00:18]} b6 {[%emt 0:00:27]} 4. a3 {[%emt 0:00:17]} Bb7 {[%emt 0:00:52]} 5. Nc3 {[%emt 0:00:13]} g6 {[%emt 0:00:36]} 6. Qc2 {[%emt 0:05:17]} Bg7 {[%emt 0:00:50]} 7. e4 {[%emt 0:04:54]} O-O {[%emt 0:01:42]} 8. Bd3 {[%emt 0:00:53]} d6 {[%emt 0:01:33]} 9. O-O {[%emt 0:03:10]} Nbd7 {[%emt 0:00:23]} 10. Re1 {[%emt 0:05:07]} a6 {[%emt 0:06:48]} 11. h3 {[%emt 0:04:49]} c5 {[%emt 0:04:10]} 12. d5 {[%emt 0:02:30]} exd5 {[%emt 0:01:00]} 13. exd5 {[%emt 0:06:58]} b5 {[%emt 0:05:18]} 14. cxb5 {[%emt 0:02:36]} axb5 {[%emt 0:02:38]} 15. Bxb5 {[%emt 0:22:19]} Nxd5 {[%emt 0:05:32]} 16. Nxd5 {[%emt 0:02:48]} Bxd5 {[%emt 0:00:30]} 17. Qd3 {[%emt 0:00:42]} Nf6 {[%emt 0:09:01]} 18. a4 {[%emt 0:08:23]} Bb7 {[%emt 0:17:23]} 19. Bf4 {[%emt 0:05:46]} Nd5 {[%emt 0:01:43]} 20. Bg5 {[%emt 0:01:59]} Qb6 {[%emt 0:03:26]} 21. Rad1 {[%emt 0:05:31]} h6 {[%emt 0:09:05]} 22. Bc1 {[%emt 0:04:51]} Nc7 {[%emt 0:05:57]} 23. Qxd6 {[%emt 0:01:00]} Qxd6 {[%emt 0:00:06]} 24. Rxd6 {[%emt 0:00:10]} Nxb5 {[%emt 0:00:06]} 25. axb5 {[%emt 0:00:04]} Rfb8 {[%emt 0:03:31]} 26. b6 {[%emt 0:04:24]} Bf8 {[%emt 0:01:22]} 27. Rd3 {[%emt 0:02:23]} Ba6 {[%emt 0:02:11]} 28. Ra3 {[%emt 0:02:20]} Rxb6 {[%emt 0:01:33]} 29. Be3 {[%emt 0:00:57]} Rbb8 {[%emt 0:06:15]} 30. Rea1 {[%emt 0:01:45]} Bb7 {[%emt 0:00:12]} 31. Ne5 {[%emt 0:00:41]} Rxa3 {[%emt 0:01:04]} 32. Rxa3 {[%emt 0:00:26]} Bc8 {[%emt 0:07:01]} 33. Rc3 {[%emt 0:02:01]} Rxb2 {[%emt 0:02:11]} 34. Bxc5 {[%emt 0:00:04]} Bg7 {[%emt 0:00:43]} 35. Bd4 {[%emt 0:00:10]} Rb1+ {[%emt 0:00:22]} 36. Kh2 {[%emt 0:00:06]} Be6 {[%emt 0:00:29]} 1/2-1/2

[Event "2nd Irena Warakomska Memorial-A"]
[Site "Suwalki"]
[Date "2018.08.04"]
[Round "5"]
[White "Roy, Prantik"]
[Black "Sliwicki, Damian"]
[Result "1/2-1/2"]
[WhiteElo "2377"]
[BlackElo "2220"]
[Annotator "NA"]
[PlyCount "110"]
[EventDate "2018.08.01"]
[EventType "swiss"]
[EventCountry "POL"]
[SourceTitle "playchess.com"]
[Source "ChessBase"]
[SourceQuality "1"]
[TimeControl "40/5400+30:1800+30"]

1. e4 {[%emt 0:00:00]} c5 {[%emt 0:00:47]} 2. c3 {[%emt 0:00:01]} d5 {[%emt 0:00:59]} 3. exd5 {[%emt 0:00:10]} Qxd5 {[%emt 0:00:03]} 4. d4 {[%emt 0:00:08]} cxd4 {[%emt 0:00:41]} 5. cxd4 {[%emt 0:00:08]} Nc6 {[%emt 0:00:07]} 6. Nf3 {[%emt 0:00:27]} e5 {[%emt 0:00:10]} 7. Nc3 {[%emt 0:00:22]} Bb4 {[%emt 0:00:11]} 8. Bd2 {[%emt 0:00:19]} Bxc3 {[%emt 0:00:22]} 9. Bxc3 {[%emt 0:00:07]} exd4 {[%emt 0:01:17]} 10. Nxd4 {[%emt 0:02:53]} Nge7 {[%emt 0:19:23]} 11. Nb5 {[%emt 0:18:35]} O-O {[%emt 0:02:13]} 12. Nc7 {[%emt 0:01:19]} Qxd1+ {[%emt 0:02:19]} 13. Rxd1 {[%emt 0:00:11]} Rb8 {[%emt 0:00:05]} 14. Bc4 {[%emt 0:03:49]} a6 {[%emt 0:01:41]} 15. O-O {[%emt 0:03:48]} Bf5 {[%emt 0:06:46]} 16. Rfe1 {[%emt 0:07:55]} Rfd8 {[%emt 0:03:03]} 17. Nd5 {[%emt 0:03:22]} Nxd5 {[%emt 0:02:01]} 18. Bxd5 {[%emt 0:00:21]} h6 {[%emt 0:04:25]} 19. f3 {[%emt 0:01:02]} Rd7 {[%emt 0:06:36]} 20. Bb3 {[%emt 0:05:41]} Rxd1 {[%emt 0:01:27]} 21. Rxd1 {[%emt 0:00:20]} Rd8 {[%emt 0:00:47]} 22. Rxd8+ {[%emt 0:00:24]} Nxd8 {[%emt 0:00:04]} 23. a4 {[%emt 0:02:09]} Kf8 {[%emt 0:13:10]} 24. Kf2 {[%emt 0:01:34]} f6 {[%emt 0:02:48]} 25. Ke3 {[%emt 0:03:48]} Be6 {[%emt 0:02:29]} 26. Bc2 {[%emt 0:01:12]} Nc6 {[%emt 0:01:16]} 27. b4 {[%emt 0:03:02]} Bc4 {[%emt 0:00:22]} 28. Bf5 {[%emt 0:00:44]} Ke7 {[%emt 0:07:25]} 29. Bd4 {[%emt 0:06:31]} Be6 {[%emt 0:16:33]} 30. Bc5+ {[%emt 0:01:13]} Kd7 {[%emt 0:01:07]} 31. Bd3 {[%emt 0:02:46]} Ne7 {[%emt 0:01:21]} 32. Be4 {[%emt 0:01:57]} b6 {[%emt 0:02:20]} 33. Bd4 {[%emt 0:07:58]} Nf5+ {[%emt 0:01:30]} 34. Bxf5 {[%emt 0:03:06]} Bxf5 {[%emt 0:00:03]} 35. Bxb6 {[%emt 0:00:05]} Bc2 {[%emt 0:00:17]} 36. Bc5 {[%emt 0:01:18]} Bxa4 {[%emt 0:00:47]} 37. Bf8 {[%emt 0:00:06]} g6 {[%emt 0:00:17]} 38. Bxh6 {[%emt 0:00:15]} Ke6 {[%emt 0:00:04]} 39. Kf4 {[%emt 0:00:58]} Bc2 {[%emt 0:00:34]} 40. h4 {[%emt 0:00:00]} Bd3 {[%emt 0:00:00]} 41. Ke3 {[%emt 0:01:28]} Bf1 {[%emt 0:05:01]} 42. g3 {[%emt 0:00:06]} Bb5 {[%emt 0:02:24]} 43. Bf8 {[%emt 0:00:22]} Be8 {[%emt 0:00:27]} 44. Bc5 {[%emt 0:00:16]} g5 {[%emt 0:01:07]} 45. Bb6 {[%emt 0:01:46]} gxh4 {[%emt 0:04:34]} 46. gxh4 {[%emt 0:00:06]} Kf5 {[%emt 0:00:18]} 47. Bd8 {[%emt 0:00:31]} Bh5 {[%emt 0:00:58]} 48. Bc7 {[%emt 0:00:41]} Be8 {[%emt 0:00:08]} 49. Kd4 {[%emt 0:00:25]} Bh5 {[%emt 0:00:39]} 50. f4 {[%emt 0:00:15]} Kg4 {[%emt 0:02:33]} 51. Kd5 {[%emt 0:00:14]} Bf7+ {[%emt 0:03:48]} 52. Kd6 {[%emt 0:00:14]} Bc4 {[%emt 0:00:17]} 53. Kc5 {[%emt 0:01:51]} Be2 {[%emt 0:00:18]} 54. Bd8 {[%emt 0:00:13]} Kxf4 {[%emt 0:00:10]} 55. Bxf6 {[%emt 0:00:05]} Kg4 {[%emt 0:00:03]} 1/2-1/2

[Event "2nd Irena Warakomska Memorial-A"]
[Site "Suwalki"]
[Date "2018.08.04"]
[Round "5"]
[White "Oglaza, Oskar"]
[Black "Fus, Jakub"]
[Result "0-1"]
[WhiteElo "2364"]
[BlackElo "2210"]
[Annotator "NA"]
[PlyCount "82"]
[EventDate "2018.08.01"]
[EventType "swiss"]
[EventCountry "POL"]
[SourceTitle "playchess.com"]
[Source "ChessBase"]
[SourceQuality "1"]
[TimeControl "40/5400+30:1800+30"]

1. b3 {[%emt 0:00:00]} d5 {[%emt 0:00:18]} 2. Bb2 {[%emt 0:01:21]} Bg4 {[%emt 0:00:36]} 3. h3 {[%emt 0:10:04]} Bh5 {[%emt 0:00:17]} 4. Nf3 {[%emt 0:03:02]} Nd7 {[%emt 0:08:48]} 5. e3 {[%emt 0:01:14]} e6 {[%emt 0:00:31]} 6. Be2 {[%emt 0:01:53]} h6 {[%emt 0:02:51]} 7. O-O {[%emt 0:03:04]} Ngf6 {[%emt 0:00:06]} 8. d4 {[%emt 0:01:42]} Be7 {[%emt 0:07:31]} 9. Nbd2 {[%emt 0:02:05]} O-O {[%emt 0:00:10]} 10. c4 {[%emt 0:01:05]} Bg6 {[%emt 0:05:53]} 11. Ne1 {[%emt 0:25:35]} c5 {[%emt 0:18:19]} 12. Bd3 {[%emt 0:01:43]} Bxd3 {[%emt 0:00:20]} 13. Nxd3 {[%emt 0:00:04]} dxc4 {[%emt 0:03:05]} 14. bxc4 {[%emt 0:02:35]} cxd4 {[%emt 0:03:10]} 15. exd4 {[%emt 0:00:12]} Qa5 {[%emt 0:00:41]} 16. Qe2 {[%emt 0:05:13]} Rfe8 {[%emt 0:02:01]} 17. f4 {[%emt 0:05:26]} Rac8 {[%emt 0:21:25]} 18. g4 {[%emt 0:09:39]} Nf8 {[%emt 0:02:10]} 19. Ne5 N6d7 20. Nxd7 {[%emt 0:12:30]} Nxd7 {[%emt 0:00:35]} 21. Qd3 {[%emt 0:00:19]} Red8 {[%emt 0:04:35]} 22. a4 {[%emt 0:01:31]} Bb4 {[%emt 0:03:16]} 23. Nf3 {[%emt 0:02:01]} Qc7 24. Rac1 {[%emt 0:01:06]} Qxf4 {[%emt 0:03:53]} 25. Nh4 {[%emt 0:00:54]} Qd2 {[%emt 0:03:49]} 26. Qb3 {[%emt 0:00:16]} Nc5 27. Qf3 {[%emt 0:00:04]} Qxb2 {[%emt 0:00:55]} 28. Qxf7+ Kh8 29. dxc5 {[%emt 0:01:23]} Bxc5+ {[%emt 0:00:31]} 30. Kh1 {[%emt 0:00:05]} Rd2 {[%emt 0:03:50]} 31. Nf3 {[%emt 0:03:07]} Rf2 {[%emt 0:01:03]} 32. Rb1 {[%emt 0:01:54]} Qc2 {[%emt 0:01:22]} 33. Rbc1 {[%emt 0:00:50]} Qe2 {[%emt 0:01:00]} 34. Rxf2 Qxf2 35. Qxb7 {[%emt 0:01:36]} Rf8 {[%emt 0:01:10]} 36. Ne5 {[%emt 0:00:10]} Qe3 {[%emt 0:00:32]} 37. Ng6+ {[%emt 0:01:44]} Kg8 {[%emt 0:00:04]} 38. Ne7+ {[%emt 0:00:52]} Bxe7 39. Qb2 {[%emt 0:00:49]} Ba3 {[%emt 0:00:44]} 40. Rc3 {[%emt 0:00:00]} Rf1+ {[%emt 0:00:00]} 41. Kg2 Qg1# 0-1

[Event "2nd Irena Warakomska Memorial-A"]
[Site "Suwalki"]
[Date "2018.08.04"]
[Round "5"]
[White "Kosakowski, Jakub"]
[Black "Warakomski, Tomasz"]
[Result "1/2-1/2"]
[WhiteElo "2361"]
[BlackElo "2512"]
[Annotator "ChessBase"]
[PlyCount "61"]
[EventDate "2018.08.01"]
[EventType "swiss"]
[EventCountry "POL"]
[SourceTitle "playchess.com"]
[Source "ChessBase"]
[SourceQuality "1"]
[TimeControl "40/5400+30:1800+30"]

1. e4 {[%emt 0:00:00]} g6 {[%emt 0:00:08]} 2. d4 {[%emt 0:00:00]} Bg7 {[%emt 0:00:04]} 3. Nf3 {[%emt 0:01:04]} d6 {[%emt 0:00:09]} 4. Bc4 {[%emt 0:00:32]} a6 {[%emt 0:04:46]} 5. a4 {[%emt 0:03:08]} c5 {[%emt 0:03:08]} 6. dxc5 {[%emt 0:14:45]} Qa5+ {[%emt 0:00:17]} 7. c3 {[%emt 0:00:10]} Qxc5 {[%emt 0:03:03]} 8. Qb3 {[%emt 0:01:31]} e6 {[%emt 0:00:07]} 9. Be3 {[%emt 0:00:33]} Qc7 {[%emt 0:07:52]} 10. Nbd2 {[%emt 0:07:29]} Nd7 {[%emt 0:02:15]} 11. O-O {[%emt 0:04:51]} Ngf6 {[%emt 0:06:16]} 12. a5 {[%emt 0:09:11]} O-O {[%emt 0:02:08]} 13. Rfe1 {[%emt 0:08:20]} Nc5 {[%emt 0:11:27]} 14. Qb4 {[%emt 0:15:46]} Nfxe4 {[%emt 0:27:13]} 15. Nxe4 {[%emt 0:00:25]} Nxe4 {[%emt 0:00:04]} 16. Bb6 {[%emt 0:01:21]} Qc6 {[%emt 0:00:07]} 17. Rad1 {[%emt 0:01:43]} d5 {[%emt 0:05:00]} 18. Bb3 {[%emt 0:00:43]} Bd7 {[%emt 0:08:11]} 19. c4 {[%emt 0:08:17]} dxc4 {[%emt 0:01:26]} 20. Bxc4 {[%emt 0:03:19]} Rfc8 {[%emt 0:03:23]} 21. Rxd7 {[%emt 0:04:44]} Bf8 {[%emt 0:00:06]} 22. Qb3 {[%emt 0:01:14]} Qxc4 {[%emt 0:00:22]} 23. Qxc4 {[%emt 0:04:46]} Rxc4 {[%emt 0:00:05]} 24. Ne5 {[%emt 0:00:25]} Rc2 {[%emt 0:00:25]} 25. Nxf7 {[%emt 0:00:33]} Rxb2 {[%emt 0:03:13]} 26. h3 {[%emt 0:00:18]} Nc5 {[%emt 0:03:01]} 27. Rc7 {[%emt 0:01:58]} Rb5 {[%emt 0:01:43]} 28. Ng5 {[%emt 0:04:09]} Nd3 {[%emt 0:04:13]} 29. Nxh7 {[%emt 0:00:33]} Bd6 {[%emt 0:00:21]} 30. Nf6+ {[%emt 0:00:07]} Kf8 {[%emt 0:00:02]} 31. Nh7+ {[%emt 0:01:51]} 1/2-1/2

[Event "2nd Irena Warakomska Memorial-A"]
[Site "Suwalki"]
[Date "2018.08.04"]
[Round "5"]
[White "Debarshi, Mukherjee"]
[Black "Budrewicz, Krzysztof"]
[Result "0-1"]
[WhiteElo "2308"]
[BlackElo "2203"]
[Annotator "NA"]
[PlyCount "125"]
[EventDate "2018.08.01"]
[EventType "swiss"]
[EventCountry "POL"]
[SourceTitle "playchess.com"]
[Source "ChessBase"]
[SourceQuality "1"]
[TimeControl "40/5400+30:1800+30"]

1. d4 Nf6 2. c4 g6 3. Nc3 Bg7 4. e4 O-O 5. Be2 d6 6. Bg5 Na6 7. f4 c5 8. d5 Qa5 9. Qd2 e6 10. Nf3 exd5 11. exd5 Re8 12. O-O Bf5 13. Rfe1 h6 14. Bh4 Qb4 15. a3 Qb3 16. Bd3 Nc7 17. Qd1 Qxd1 18. Raxd1 Bxd3 19. Rxd3 Rxe1+ 20. Bxe1 Re8 21. a4 Ne4 22. Nd1 f5 23. Rb3 b6 24. Ne3 Bd4 25. Kf1 Rb8 26. Nxd4 cxd4 27. Nc2 Nc5 28. Rg3 d3 29. Nb4 Kf7 30. Nxd3 Nxa4 31. b3 Nc5 32. Nb4 Re8 33. Nc6 b5 34. b4 Na4 35. Ra3 a6 36. Bf2 Re4 37. Nd4 Rxf4 38. g3 Re4 39. cxb5 axb5 40. Ra1 Ke7 41. Nxb5 Nxb5 42. Rxa4 Kf6 43. Be1 Re5 44. Bd2 g5 45. h4 Rxd5 46. hxg5+ hxg5 47. Be1 Kg6 48. Ra5 Kh5 49. Kg2 Kg4 50. Bf2 Re5 51. Kf1 Kf3 52. Be1 Ke3 53. Bf2+ Kd3 54. Be1 Kc4 55. Bd2 g4 56. Ra6 Rd5 57. Rc6+ Kb3 58. Be1 Nd4 59. Rc8 Nc2 60. Bf2 Nxb4 61. Ke2 Na6 62. Rd8 Kc4 63. Ke1 0-1

[Event "2nd Irena Warakomska Memorial-A"]
[Site "Suwalki"]
[Date "2018.08.04"]
[Round "5"]
[White "Schippers, Maurice"]
[Black "Paprocki, Jaroslaw"]
[Result "1-0"]
[WhiteElo "2303"]
[BlackElo "2177"]
[Annotator "TA"]
[PlyCount "179"]
[EventDate "2018.08.01"]
[EventType "swiss"]
[EventCountry "POL"]
[SourceTitle "playchess.com"]
[Source "ChessBase"]
[SourceQuality "1"]

{[%evp 19,179,53,55,-56,-54,-50,6,0,3,0,16,0,33,39,36,38,43,48,81,77,100,79,65,72,75,52,158,119,354,324,357,329,313,258,243,235,269,258,255,252,255,248,254,201,239,218,544,617,608,595,587,40,442,176,1237,306,294,225,777,-96,-101,-109,0,0,0,0,0,-7,-9,-8,0,0,0,0,0,0,0,0,0,-9,0,0,0,0,0,0,0,-6,0,0,0,-4,0,-27,-26,-37,-43,-39,-41,-41,-41,-39,-52,-42,-42,-58,-27,-27,-27,-28,-22,-22,-14,-24,-8,-17,241,56,56,56,56,56,55,56,59,56,62,62,62,62,62,61,62,60,60,56,64,64,68,68,69,70,597,539,509,472,460,454,391,69,404,67,10206,1953,29970,29976,29985,29970,29984,4954,29985,29985]} 1. d4 Nf6 2. g3 d5 3. Bg2 g6 4. Nf3 Bg7 5. O-O O-O 6. c4 c6 7. cxd5 cxd5 8. Nc3 Nc6 9. Ne5 Nxe5 {D79: Fianchetto Grünfeld: Symmetrical Variation (6 0-0 c6 7 cxd5 cxd5)} (9... Ng4 10. Nxc6 bxc6 11. h3 Nh6 12. Bxh6 Bxh6 13. e3 Bg7 14. Rc1 e5 15. dxe5 Bxe5 16. Na4 Bd7 17. Qd2 Rb8 {1-0 (37) Bok,B (2640)-Shirov,A (2644) Berlin 2018}) 10. dxe5 Ng4 {LiveBook: 50 Games} 11. f4 (11. Nxd5 $14 Nxe5 12. Qb3) 11... Qb6+ $15 {Black is slightly better.} 12. Kh1 e6 $146 (12... Nf2+ $15 13. Rxf2 Qxf2) ({Predecessor:} 12... Be6 13. Qd3 d4 14. Na4 Qb4 15. b3 Bf5 {0-1 (30) Rawicz,K (2212)-Plonczak,D (2138) Leba 2008}) 13. Qd3 f6 14. exf6 Bxf6 15. Qf3 Nh6 16. e4 $36 {[%mdl 2048] White fights for an advantage.} d4 17. Na4 Qb5 18. b3 e5 19. f5 $1 ({Inferior is} 19. fxe5 Bg7 $15) 19... Bg7 {[%cal Rg6f5]} 20. Ba3 Rf7 {[%cal Rg6f5]} 21. g4 Bd7 22. Qh3 Kh8 (22... gxf5 $14 23. gxf5 Kh8) 23. Bc1 {[%cal Ba3c1,Bc1g5,Bg5h4,Bh4g3][%mdl 32]} g5 $2 (23... Nxg4 $16 {is a better defense.} 24. Qxg4 Rg8) 24. Bxg5 $18 Ng8 25. Rac1 Bf8 26. Bh4 Ba3 27. Rc2 Rc8 28. Rxc8 Bxc8 29. g5 Ne7 30. Bg3 Kg8 31. Qh5 Bd7 32. Rg1 Qa5 $2 (32... Bc6 33. Qg4 Bd7) 33. g6 hxg6 34. fxg6 Rg7 35. Qxe5 $2 (35. Bf1 $18 Be6 36. Bh4 (36. Bxe5 Nc6 $14)) 35... Qd2 $2 {[%mdl 8192]} ({Better is} 35... Qxe5 $14 36. Bxe5 b5) 36. Nc5 $2 (36. Bf4 Qf2 37. Rf1) 36... Bc8 $2 (36... Bxc5 37. Qxc5 Nxg6 38. Qxa7 Bc6) 37. Ne6 $2 (37. Qc7 {[%cal Rc7d8]} Rxg6 38. Qxe7) 37... Rxg6 38. Qxd4 Qh6 $2 (38... Qxd4 39. Nxd4 Bc5) 39. Nc5 $2 (39. Qd8+ $18 Kf7 40. Bf4) 39... Rxg3 $1 $17 40. Qd8+ Qf8 (40... Kh7 $1 $17 41. Qxe7+ Rg7) 41. Qxf8+ $11 Kxf8 42. hxg3 Bxc5 43. Rc1 b6 44. Kh2 Nc6 45. Bh3 Ba6 46. Bf1 Bb7 47. Bc4 Ne5 48. Bd5 Ba6 49. b4 Bd6 50. a3 Ke7 51. Kg2 Kf6 52. Rh1 Kg7 53. Be6 Be2 54. Kf2 Bf3 55. Rh4 a5 56. bxa5 Bc5+ 57. Kf1 bxa5 58. Bf5 Bxa3 59. Rh7+ Kf6 60. Ra7 Bb4 61. Ra6+ $1 Kg5 62. Kf2 Bd1 63. Ke3 Bc3 64. Be6 Bc2 65. Ra8 Be1 66. Kd4 Kf6 67. Bd5 Bf2+ (67... Ng6 $11) 68. Kc3 $14 Bxe4 $1 69. Bxe4 Bxg3 {[%mdl 4096] Endgame KRB-KBN} 70. Kd4 Bf2+ 71. Kd5 Nd7 72. Rxa5 {And now Bg2 would win.} Ke7 73. Bf5 {Kc6 is the strong threat.} Nb6+ 74. Kc6 Nc4 75. Ra2 Bg3 76. Bh3 Ne3 77. Kc5 {Hoping for Kd4.} Bf4 78. Kd4 {aiming for Ke4.} Bg5 79. Ra6 {Strongly threatening Rg6.} Nc2+ 80. Ke5 {Black must now prevent Rb6.} Be3 $2 {[%mdl 8192]} (80... Nb4 $14) 81. Rc6 $1 $18 Nb4 {[#]} 82. Rc7+ $1 Kd8 83. Rd7+ ({Not} 83. Rc3 Bd2 $18) 83... Ke8 {[#]} 84. Rh7 $1 {Threatens to win with Kd6.} Kf8 $2 {[%mdl 8192]} (84... Bc5 $1 $14 85. Ke6 Kd8 86. Rd7+ Kc8) 85. Ke6 $2 (85. Bg2 $18) 85... Bd2 $2 {[%mdl 8192]} (85... Nc6 $14 86. Bg2 Nd8+ 87. Kf5 Bb6) 86. Rc7 (86. Rf7+ $142 Ke8 87. Bf1) 86... Bg5 87. Bf5 Na2 88. Bh7 Nc1 89. Rf7+ Ke8 90. Rg7 {Precision: White = 54%, Black = 34%.} 1-0